Filosofía medieval y mundo moderno
Saved in:
| Main Author: | |
|---|---|
| Format: | Book |
| Language: | Spanish |
| Published: |
Madrid
Rialp
1979
|
| Edition: | 2a. ed |
| Series: | Naturaleza e Historia, 28
|
| Subjects: | |
| Tags: |
Add Tag
No Tags, Be the first to tag this record!
|
MARC
| LEADER | 00000cam a2200000 a 4500 | ||
|---|---|---|---|
| 001 | UCW8346 | ||
| 003 | CL-VaPUC | ||
| 008 | 880809e19790000SP |||||||||||||||||spa|d | ||
| 082 | 0 | 4 | |a 189 |b PIE |2 21 |
| 100 | 0 | |a Pieper, Josef |e author |9 313481 | |
| 245 | 1 | 0 | |a Filosofía medieval y mundo moderno |
| 250 | |a 2a. ed | ||
| 300 | |a 405 p | ||
| 942 | |c BK | ||
| 945 | |d 19880809 00:00:00 | ||
| 260 | |a Madrid |b Rialp |c 1979 | ||
| 600 | 0 | |a Tomás de Aquino |d 1220-1274 |c Santo |9 255832 | |
| 650 | 0 | |a Escolasticismo |9 264998 | |
| 650 | 0 | |a Filosofía medieval |9 256245 | |
| 650 | 0 | |a Biografías |9 255210 | |
| 650 | 0 | |a Crítica e interpretación |9 255042 | |
| 583 | |a last modification |c 20150826 10:04:20 |k Rodrigo Vera | ||
| 490 | 0 | |a Naturaleza e Historia, 28 | |
| 999 | |c 220739 |d 220737 | ||
| 952 | |0 0 |1 0 |4 0 |6 189_000000000000000_PIE_1979 |7 0 |8 A |9 213311 |a BIBEDU |b BIBEDU |d 2019-11-15 |i 281689K |o 189 PIE 1979 |p 281689K |r 2019-11-15 |w 2019-11-15 |y BK |k FIL | ||
| 952 | |0 0 |1 0 |3 erb |4 0 |6 189_000000000000000_PIE_1979 |7 0 |8 A |9 213312 |a BIBHIS |b BIBHIS |e Valenzuela Fuenzalida, Alvaro Miguel, 1932- |i 5203481 |o 189 PIE 1979 |p 5203481 |r 2025-01-20 |w 2019-11-15 |y BK |z Catalogado en:20150827 |k HIS | ||